| 000 | 00454 a2200169 4500 | ||
|---|---|---|---|
| 999 |
_c6768 _d6768 |
||
| 020 | _a1779002610 | ||
| 050 | _aPL8842.Z3 MGU 2000 | ||
| 100 | _aMguni, Z. | ||
| 245 |
_aVentures Indonsakusa 3: _bUgwalo lwabantwana / _cZifikile Mguni, Nandi Xaba |
||
| 250 | _aNew Edi. | ||
| 264 |
_aHarare: _bCollege Press; _c2000 |
||
| 300 |
_a136p. ; _bill. |
||
| 500 | _aIsindebele | ||
| 650 | _aIndonsakusa | ||
| 700 | _aXaba, N. | ||
| 942 |
_2lcc _cBK _h8842.Z3 _iMGU _kPL |
||